| 000 | 00905nam a2200325 a 4500 | ||
|---|---|---|---|
| 003 | AR-BaBNM | ||
| 005 | 20251128205718.0 | ||
| 008 | 082120s2002 ||||||||||||||000 | spa|| | ||
| 020 | _a84-254-1110-6 | ||
| 040 | _cAR-BaBNM | ||
| 100 | 1 | _aTouzard, Hubert | |
| 245 | 0 | 0 |
_aLa mediación y la solución de los conflictos _bestudio psicosociológico |
| 250 | _a1ª ed. | ||
| 260 |
_aBarcelona _bHerder _c1981 |
||
| 300 |
_a365 p. _bgráfs. |
||
| 490 | 0 |
_aBiblioteca de psicosociología _vv. 6 |
|
| 500 | _aNotas p. 349-350 | ||
| 500 | _aIndice analítico p. 364-365 | ||
| 504 | _aBibliografía p. 351-363 | ||
| 650 | 4 | _aDERECHO PROCESAL | |
| 650 | 4 | _aPROCEDIMIENTO JUDICIAL | |
| 650 | 4 | _aMEDIACION | |
| 650 | 4 | _aNEGOCIACION | |
| 650 | 4 | _aMEDIADOR | |
| 650 | 4 | _aARBITRAJE | |
| 650 | 4 | _aSOLUCION DE CONFLICTOS | |
| 700 | 1 |
_aAnzieu, Didier _eprologuista |
|
| 942 | _cBK | ||
| 998 | _cCarmen | ||
| 999 |
_c12513 _d12513 |
||